000 00621nam a2200205 a 4500
005 20210223130634.0
008 080924s1990 mx r 000 0 spa d
035 _aUPN01000160793
049 _aUNE
080 _a37.014. 22 (100) =40 DUM.
100 1 _aDumont, Bernard
_932509
245 1 0 _aAvant l'alphabétisation :
_bla postalphabétisation /
_cBernard Dumont.
260 _aGenéve :
_bOIE,
_c1990.
300 _a16 p.
440 0 _aAlphabétiser? parlons-en!
690 _aAlfabetizacion
690 _aProgramas de postalfabetizacion
740 0 _aAño Internacional de la Alfabetización
905 _aUNESCO
999 _c132906
_d132906